<?xml version="1.0" encoding="UTF-8"?>
<collection xmlns="http://www.loc.gov/MARC21/slim">
 <record>
  <leader>00708nam a2200169 a 4500</leader>
  <controlfield tag="001">1/26993</controlfield>
  <controlfield tag="008">050920s1995    lu a     b   n000 0 eng  </controlfield>
  <datafield tag="020" ind1=" " ind2=" ">
   <subfield code="a">928269433X</subfield>
  </datafield>
  <datafield tag="035" ind1=" " ind2=" ">
   <subfield code="l">28848</subfield>
  </datafield>
  <datafield tag="082" ind1="0" ind2="0">
   <subfield code="a">KET 381.1'094 GUI</subfield>
  </datafield>
  <datafield tag="245" ind1="0" ind2="0">
   <subfield code="a">Guide to training in the retail trade :</subfield>
   <subfield code="b">report /</subfield>
   <subfield code="c">Kruse Wilfried...[et.al.]</subfield>
  </datafield>
  <datafield tag="260" ind1=" " ind2=" ">
   <subfield code="a">Luxembourg:</subfield>
   <subfield code="b">Office for Official Publications of the European Communities,</subfield>
   <subfield code="c">1995</subfield>
  </datafield>
  <datafield tag="300" ind1=" " ind2=" ">
   <subfield code="a">148 σ.:</subfield>
   <subfield code="b">εικ.:</subfield>
   <subfield code="c">21 εκ.</subfield>
  </datafield>
  <datafield tag="650" ind1=" " ind2="4">
   <subfield code="a">Retail trade</subfield>
   <subfield code="x">Employees</subfield>
   <subfield code="x">Training of</subfield>
   <subfield code="z">European Union countries.</subfield>
  </datafield>
  <datafield tag="700" ind1="1" ind2=" ">
   <subfield code="a">Kruse, Wilfried, 1947-</subfield>
  </datafield>
  <datafield tag="710" ind1="2" ind2=" ">
   <subfield code="a">European Centre for the Development of Vocational Training.</subfield>
  </datafield>
  <datafield tag="852" ind1=" " ind2=" ">
   <subfield code="a">INST</subfield>
   <subfield code="b">UNIPILB</subfield>
   <subfield code="c">KET</subfield>
   <subfield code="e">20060213</subfield>
   <subfield code="h">KET 381.1'094 GUI</subfield>
   <subfield code="p">00143887</subfield>
   <subfield code="q">00143887</subfield>
   <subfield code="t">LOAN</subfield>
   <subfield code="y">0</subfield>
   <subfield code="4">1</subfield>
  </datafield>
 </record>
</collection>
